000 01080nam a22003137a 4500
001 BR9102499
003 BR-BrBNA
005 20230928093617.0
007 ta
008 230509b bl.||||| |||| 00| 0 por d
040 _aBR-BrBNA
_bpor
_cBiblioteca Nacional de Agricultura
041 _a(Por)
072 _aF02
_b1740
_b3520
090 _ 1740 BR9102499
100 1 _aSasaki, J.L.S.
110 1 _aEscola Superior de Agricultura Luiz de Queiroz, Piracicaba, SP (Brasil)
_0Tese (Doutor em Agronomia)
245 1 _aComportamento varietal de cebola (Allium cepa L.)com relacao a tecnicas alternativas de armazenamento de bulbinhos
246 1 _aPerformance of onion cultivars (Allium cepa L.)in relation to alternative storing techniques of onions sets
260 3 _aPiracicaba, SP (Brasil):
_c1991.
300 _a103 p.
500 _a23 tables; Bibliography p. 75-88 (73 ref.); Summaries (Eng, Por)
650 _aCEBOLA
650 _aBULBO
650 _aMUDA
650 _aBROTACAO
650 _aRENDIMENTO
909 _a202309
_bLucia
_c55
_dLucia Elande
942 _cBK
999 _c45997
_d45997